Statistics for EDM Artists

Click here to take the quiz!

General Stats

  • This quiz has been taken 61 times
  • The average score is 8 of 15

Answer Stats

SongArtist% Correct
AnimalsMartin Garrix
94%
SandstormDarude
88%
SpacemanHardwell
75%
MammothDimitri Vegas & Like Mike
71%
Blue (Da Ba Dee)Eiffel 65
65%
L'Amour ToujoursGigi D'Agostino
63%
This Is What It Feels LikeArmin van Buuren
59%
Better Off AloneAlice Deejay
51%
SatisfactionBenny Benassi
49%
ChildrenRobert Miles
49%
InsomniaFaithless
43%
All I Ever WantedBasshunter
37%
9PM (Till I Come)ATB
33%
Show Me LoveRobin S
27%
Push The Feeling OnNightcrawlers
18%

Score Distribution

Percentile by Number Answered

Percent of People with Each Score

Your Score History

You have not taken this quiz